01413nam a22002057a 4500003000400000005001700004008004100021020001800062040001400080041000800094082001300102100002700115245002100142264004300163300003900206521086000245650003601105650002801141650003801169OSt20260303163721.0260303b ||||| |||| 00| 0 spa d a9789585404847 cCO-Mq BPB aspa aAPbBONp aBonnett, Piedadeautor aPoesía Reunida aBogotá;bPenguin Random House,c2015 a474 páginasbTapa rusticac23 cm aPoesía reunida recopila toda la obra poética publicada de Piedad Bonnett desde sus inicios en 1989 con De círculo y ceniza, pasando por poemarios como El hilo de los días (1995) y Tretas del débil (2004), hasta Explicaciones no pedidas (2011), ganador del Premio Casa de América de Poesía Americana. Este volumen reúne más de treinta años de escritura lírica de una de las voces más importantes de la poesía colombiana contemporánea. A través de sus poemas, Bonnett explora temas muy profundos como: La memoria y el paso del tiempo El dolor y la pérdida La identidad y la introspección Las relaciones humanas y la experiencia personal Su estilo combina sensibilidad, claridad emocional y un lenguaje potente y reflexivo, lo que ha convertido a su poesía en una referencia dentro de la literatura hispanoamericana. aLa memoria y el paso del tiempo aEl dolor y la pérdida aLa identidad y la introspección